Guns n' Roses Songs on the Billboard Hot 100 chart (USA) - Statistics

General Stats
  • This quiz has been taken 679 times
  • The average score is 8 of 13
Answer Stats
Peak Chart Position, Year Answer % Correct
1, 1988 Sweet Child o' Mine
96%
3, 1992 November Rain
92%
7, 1988 Welcome to the Jungle
91%
5, 1989 Paradise City
87%
4, 1989 Patience
66%
10, 1991 Don't Cry
64%
33. 1992 Live and Let Die
52%
29, 1991 You Could Be Mine
51%
34, 2008 Chinese Democracy
39%
93, 1989 Nightrain
39%
72, 1992 Yesterdays
26%
69, 1994 Since I Don't Have You
25%
55, 1995 Sympathy For the Devil
23%
No matching quizzes found
Score Distribution
Percent of People with Each Score
Percentile by Number Answered
Your Score History
You have not taken this quiz